000 00607nam a2200181 i 4500
001 60973
003 ES-MaACL
005 20250830193722.0
007 t|
008 031110s1960 sp ||||1| spa d
245 0 0 _aEstudios clínicos
_b: curso 1959-1960.
260 _aMadrid :
_b[s.n.],
_c1960.
300 _a71 p., 4 lám. ;
_c24 cm.
500 _aPrecede al tít.: Beneficencia General del Estado. Gran Residencia de Ancianos Carabanchel (Madrid)
710 2 _aGran Hospital de la Beneficencia General del Estado (Madrid)
_92161
852 _aES-MaACL
_jC-19636
_bR.46959
999 _c60973
_d60973